Animals by Picture - H - Statistics

General Stats
  • This quiz has been taken 77 times
  • The average score is 12 of 16
Answer Stats
Picture Answer % Correct
Hippopotamus
99%
Hyena
94%
Hare
91%
Horse
91%
Hedgehog
90%
Hammerhead Shark
88%
Hummingbird
85%
Hermit Crab
82%
Hamster
79%
Heron
79%
Honey Badger
57%
Horseshoe Crab
57%
Howler Monkey
49%
Hornbill
47%
Hyrax
32%
Hoopoe
29%
No matching quizzes found
Score Distribution
Percent of People with Each Score
Percentile by Number Answered
Your Score History
You have not taken this quiz